Boundary disputes as an obstacle to integration in the commonwealth caribbean

Gespeichert in:
Bibliographische Detailangaben
1. Verfasser: Ince, Basil
Format: Text
Veröffentlicht: Trinidad: Institute of International Relations
Tags: Tag hinzufügen
Keine Tags, Fügen Sie den ersten Tag hinzu!

MARC

LEADER 00000 a a2200000 04500
001 21403
003
040
090 |a 094200  
100 |a Ince, Basil  
245 |a Boundary disputes as an obstacle to integration in the commonwealth caribbean  
260 |a Trinidad:   |b Institute of International Relations  
300 |a 35 p  
999 |c 10685  |d 10685